[Event "24th Panam-ch"]
[Site "Natal BRA"]
[Date "2014.10.25"]
[Round "10"]
[White "Hernandez Riera, Jose"]
[Black "Rothebarth, Ana Vitoria de Paula"]
[Result "1-0"]
[WhiteElo "2203"]
[BlackElo "2042"]
[EventDate "2014.10.18"]
[PlyCount "105"]

1.d4 Nf6 2.Nf3 b6 3.g3 Bb7 4.Bg2 c5 5.O-O cxd4 6.Qxd4 g6 7.c4 d6 8.Nc3 Bg7
9.Rd1 O-O 10.Qh4 Nbd7 11.Bh6 Nc5 12.Nd5 Nxd5 13.Bxg7 Kxg7 14.cxd5 Rc8 15.
Qd4+ Kg8 16.h4 Nd7 17.h5 Nf6 18.hxg6 hxg6 19.Ng5 Rc2 20.Be4 Rc7 21.Qd3 Kg7
22.f3 Qc8 23.Kg2 Rc5 24.b4 Rc3 25.Qd2 Nxe4 26.Nxe4 Rc2 27.Qd4+ f6 28.Rd2 
Rxd2 29.Qxd2 Rh8 30.g4 Qc4 31.Rc1 Qxd5 32.Qxd5 Bxd5 33.Rc7 Kf8 34.Nc3 Ba8 
35.Rxa7 Kf7 36.Nb5 d5 37.Nc7 Bc6 38.b5 Bd7 39.a4 Rd8 40.Rb7 Rc8 41.Nxd5 
Rd8 42.Ne3 Be8 43.Nc4 Ke6 44.e4 Ra8 45.a5 Rc8 46.Ne3 Rc5 47.Nd5 Kd6 48.
Rxb6+ Ke5 49.a6 Rxb5 50.Rxb5 Bxb5 51.a7 Bc6 52.Nxe7 Ba8 53.Nxg6+ 1-0

[Event "24th Panam-ch"]
[Site "Natal BRA"]
[Date "2014.10.25"]
[Round "10"]
[White "Arango, Andres Mauricio"]
[Black "Andrade, Roberto Luiz Costa"]
[Result "0-1"]
[WhiteElo "2111"]
[BlackElo "2200"]
[EventDate "2014.10.18"]
[PlyCount "126"]

1.e4 c5 2.Nc3 Nc6 3.Nge2 Nf6 4.d4 cxd4 5.Nxd4 d6 6.Bc4 Bd7 7.a3 e6 8.Be3 
a6 9.Ba2 Be7 10.Rg1 Qa5 11.Nb3 Qc7 12.g4 h6 13.Qe2 b5 14.Nd2 b4 15.axb4 
Nxb4 16.Bb3 d5 17.exd5 Qxh2 18.Nf3 Qc7 19.dxe6 Bxe6 20.Bxe6 fxe6 21.Nd4 
Nfd5 22.Nxd5 Nxd5 23.Nxe6 Bb4+ 24.Bd2 Bxd2+ 25.Qxd2 Qe5+ 26.Kf1 Ne7 27.Re1
Qb5+ 28.Re2 Rc8 29.Nxg7+ Kf7 30.Qd6 Nd5 31.Nh5 Rhe8 32.Nf4 Rxe2 33.Qg6+ 
Kf8 34.Qxh6+ Kg8 35.Qg6+ Kf8 36.Qf5+ Kg7 37.Nxe2 Ne3+ 38.fxe3 Rf8 39.Kf2 
Rxf5+ 40.gxf5+ Kf7 41.Nd4 Qxb2 42.Rg6 a5 43.Ra6 Qb4 44.Kf3 Qb7+ 45.Rc6 a4 
46.Kg4 a3 47.Rh6 Qg2+ 48.Kf4 a2 49.Rh7+ Kg8 50.Ra7 Qf1+ 51.Ke5 a1=Q 52.
Rxa1 Qxa1 53.c4 Qa3 54.Kd5 Qxe3 55.c5 Qf4 56.c6 Kf7 57.f6 Qg5+ 58.Kc4 Kxf6
59.Nb5 Kg6 60.Kb4 Qd2+ 61.Kc5 Qe3+ 62.Kd5 Qb6 63.Nd4 Qa5+ 0-1

[Event "24th Panam-ch"]
[Site "Natal BRA"]
[Date "2014.10.25"]
[Round "10"]
[White "Santos Filho, Tadeu Sousa"]
[Black "Herman, Diego"]
[Result "1-0"]
[WhiteElo "2074"]
[BlackElo "2198"]
[EventDate "2014.10.18"]
[PlyCount "97"]

1.e4 d6 2.Nc3 g6 3.f4 Bg7 4.Nf3 Bg4 5.Bc4 e6 6.O-O Nc6 7.h3 h5 8.Ne2 Bxf3 
9.Rxf3 Nge7 10.Bb3 d5 11.e5 d4 12.d3 h4 13.c3 Nf5 14.Ba4 O-O 15.Bxc6 bxc6 
16.Nxd4 Nxd4 17.cxd4 Qxd4+ 18.Kh1 f6 19.exf6 Bxf6 20.Rb1 Qd5 21.b3 e5 22.
Ba3 c5 23.Qc2 Be7 24.Rbf1 exf4 25.d4 Qf5 26.Qxf5 Rxf5 27.Rxf4 Rxf4 28.Rxf4
Bd6 29.Re4 Bg3 30.Bxc5 a5 31.Kg1 Ra6 32.Re8+ Kf7 33.Re7+ Kf6 34.d5 Kf5 35.
Kf1 Bd6 36.Re6 a4 37.b4 a3 38.Ke2 Ra4 39.Kd3 Bxc5 40.bxc5 Rb4 41.Re2 Rb5 
42.Kc4 Rb2 43.Re7 Rxa2 44.Rxc7 Ra1 45.Kb3 Rd1 46.d6 Rd3+ 47.Ka2 Ke6 48.d7 
Ke7 49.c6 1-0

[Event "24th Panam-ch"]
[Site "Natal BRA"]
[Date "2014.10.25"]
[Round "10"]
[White "Macedo, Maximo Valerio"]
[Black "Cavalcanti, Francisco de Assis"]
[Result "0-1"]
[WhiteElo "2085"]
[BlackElo "2186"]
[EventDate "2014.10.18"]
[PlyCount "70"]

1.f4 Nf6 2.Nf3 d6 3.g3 Nbd7 4.Bg2 e5 5.d3 c6 6.e4 Be7 7.Nc3 O-O 8.O-O Re8 
9.f5 d5 10.Qe1 dxe4 11.Nxe4 Nxe4 12.dxe4 Nf6 13.Kh1 Bf8 14.Bd2 Qc7 15.Bc3 
a5 16.Bd2 b6 17.a4 Ba6 18.Rc1 Rad8 19.Bg5 Be7 20.Qf2 Ng4 21.Qe2 Bxg5 22.
Nxg5 Nf6 23.b3 Rd4 24.Rfd1 c5 25.Nh3 Bb7 26.Nf2 Bc6 27.g4 h6 28.h4 Qb7 29.
Re1 Nh7 30.Qe3 Qe7 31.g5 hxg5 32.h5 Nf6 33.Qxg5 Nxe4 34.Qxe7 Nxf2+ 35.Kg1 
Rxe7 0-1

[Event "24th Panam-ch"]
[Site "Natal BRA"]
[Date "2014.10.25"]
[Round "10"]
[White "Aliaga Fernandez, Ingrid"]
[Black "Moccero, Eduardo"]
[Result "0-1"]
[WhiteElo "2181"]
[BlackElo "1997"]
[EventDate "2014.10.18"]
[PlyCount "62"]

1.e4 d5 2.exd5 Qxd5 3.Nc3 Qa5 4.d4 Nf6 5.Nf3 Bf5 6.Bc4 e6 7.O-O c6 8.Qe2 
Be7 9.Bg5 Nbd7 10.Ne5 Nxe5 11.dxe5 Nd7 12.Bxe7 Kxe7 13.f4 Qb6+ 14.Kh1 Qxb2
15.Qd2 Rhd8 16.Rab1 Qxc2 17.Qd6+ Ke8 18.Rbc1 Nb6 19.Qc5 Qd2 20.Rfd1 Qxf4 
21.Ne2 Qg4 22.h3 Qh4 23.Bb3 Be4 24.Kg1 Bd5 25.Bc2 Qg5 26.Qf2 Nc4 27.Nf4 
Nxe5 28.Kh2 Nf3+ 29.gxf3 Qxf4+ 30.Qg3 Qxg3+ 31.Kxg3 g6 0-1

[Event "24th Panam-ch"]
[Site "Natal BRA"]
[Date "2014.10.25"]
[Round "10"]
[White "Januario, Severino Pereira"]
[Black "Cabezas Rojas, Bastian"]
[Result "0-1"]
[WhiteElo "2171"]
[BlackElo "1942"]
[EventDate "2014.10.18"]
[PlyCount "128"]

1.d4 Nf6 2.Nf3 b6 3.c4 e6 4.g3 Ba6 5.Qc2 Bb4+ 6.Nbd2 Bb7 7.Bg2 Be4 8.Qb3 
Nc6 9.O-O Bxd2 10.Bxd2 O-O 11.Qc3 Qe7 12.Rfd1 d6 13.Rac1 Rac8 14.Bg5 h6 
15.Bd2 a5 16.Be1 e5 17.dxe5 dxe5 18.a3 Rfd8 19.b4 axb4 20.axb4 Nd4 21.Qb2 
c5 22.Nxd4 exd4 23.f3 Bc6 24.Bf2 Re8 25.Re1 Qb7 26.b5 Bd7 27.e4 Qc7 28.Bf1
Ra8 29.Ra1 Nh7 30.f4 Rxa1 31.Qxa1 Nf6 32.Bd3 Ng4 33.Re2 Nxf2 34.Kxf2 Bc8 
35.Ra2 Qd7 36.Ra7 Qh3 37.Qh1 g5 38.f5 Qh5 39.Be2 g4 40.Bd3 Qg5 41.Qd1 Qe3+
42.Kf1 h5 43.Kg2 Rxe4 44.Bxe4 Qxe4+ 45.Kg1 Qe3+ 46.Kf1 Bxf5 47.Ra2 Bd3+ 
48.Kg2 Bxc4 49.Rf2 Bd5+ 50.Kf1 Bf3 51.Qc2 Qa3 52.Kg1 d3 53.Qd2 Qa1+ 54.Rf1
Qd4+ 55.Rf2 c4 56.Qg5+ Kf8 57.Qh6+ Ke8 58.Qh7 c3 59.Qg8+ Ke7 60.Qg5+ Ke6 
61.Qh6+ Kd7 62.Qxh5 d2 63.Qxf7+ Kd6 64.Qf8+ Kd5 0-1

[Event "24th Panam-ch"]
[Site "Natal BRA"]
[Date "2014.10.25"]
[Round "10"]
[White "Caceres Leal, Jaime"]
[Black "Haskin, Zachary"]
[Result "1/2-1/2"]
[WhiteElo "2157"]
[BlackElo "1976"]
[EventDate "2014.10.18"]
[PlyCount "65"]

1.d4 Nf6 2.Nf3 g6 3.g3 Bg7 4.Bg2 O-O 5.c4 d6 6.O-O Nbd7 7.Nc3 e5 8.e4 c6 
9.b3 Re8 10.dxe5 dxe5 11.Qc2 Qc7 12.Rd1 Nc5 13.Ba3 Bf8 14.Bb2 Bg4 15.h3 
Bxf3 16.Bxf3 Rad8 17.Rxd8 Rxd8 18.Rd1 Rxd1+ 19.Qxd1 Qd7 20.Qxd7 Nfxd7 21.
Be2 Nf6 22.f3 Ne6 23.Na4 Nd7 24.Kg2 Nd4 25.Bxd4 exd4 26.f4 Ba3 27.e5 Kf8 
28.Kf3 a6 29.c5 Nxc5 30.Nxc5 Bxc5 31.a4 b5 32.Ke4 Ke7 33.g4 1/2-1/2

[Event "24th Panam-ch"]
[Site "Natal BRA"]
[Date "2014.10.25"]
[Round "10"]
[White "Mafra, Kaiser Luiz"]
[Black "Lima, Alan Silva de"]
[Result "1-0"]
[WhiteElo "2148"]
[BlackElo "1904"]
[EventDate "2014.10.18"]
[PlyCount "95"]

1.e4 c5 2.Nc3 g6 3.f4 Bg7 4.Nf3 d6 5.Bc4 Nd7 6.d3 e6 7.O-O a6 8.a4 Qc7 9.
Qe1 Ne7 10.f5 Nb6 11.fxe6 fxe6 12.Ng5 Nxc4 13.dxc4 h6 14.Nh3 g5 15.Qe2 Bd7
16.Qh5+ Kd8 17.Qf7 Bd4+ 18.Kh1 Be8 19.Qxe6 Bd7 20.Qf7 Bxh3 21.gxh3 Bxc3 
22.bxc3 Qc6 23.Qe6 Qd7 24.Qxd7+ Kxd7 25.Rb1 Rab8 26.h4 gxh4 27.Bf4 Ng6 28.
Bxd6 Kxd6 29.Rf6+ Kc7 30.Rxg6 Rbe8 31.Rg7+ Kd6 32.Rd1+ Kc6 33.Rdg1 Re6 34.
R1g6 Re8 35.Kg2 Kb6 36.Kf3 Rf8+ 37.Ke3 Re8 38.e5 Ka5 39.Rxe6 Rxe6 40.Ke4 
Kb6 41.Kd5 Re8 42.e6 Rd8+ 43.Rd7 Rxd7+ 44.exd7 Kc7 45.Ke6 Kd8 46.a5 h3 47.
Kd6 h5 48.Ke6 1-0

[Event "24th Panam-ch"]
[Site "Natal BRA"]
[Date "2014.10.25"]
[Round "10"]
[White "Pinto, Rafael Henrique"]
[Black "Souza, Rafael Cabral de"]
[Result "0-1"]
[WhiteElo "2042"]
[BlackElo "2138"]
[EventDate "2014.10.18"]
[PlyCount "90"]

1.d4 Nf6 2.c4 g6 3.g3 Bg7 4.Bg2 c5 5.d5 d6 6.Nc3 O-O 7.Nf3 e6 8.O-O exd5 
9.cxd5 Re8 10.Nd2 b6 11.Nc4 Ba6 12.Qb3 Bxc4 13.Qxc4 a6 14.a4 b5 15.Qd3 b4 
16.Nd1 Nbd7 17.Ne3 Ne5 18.Qc2 Nfg4 19.h3 Nxe3 20.Bxe3 b3 21.Qc1 Rb8 22.Bd2
Nd7 23.e4 Ne5 24.Bc3 Nd3 25.Qd2 Bxc3 26.Qxc3 Ne5 27.f4 Nd7 28.Rae1 f6 29.
h4 Rb4 30.h5 Kg7 31.g4 Rxa4 32.Qxb3 Rb4 33.Qg3 Qb6 34.g5 fxg5 35.Qc3+ Rd4 
36.e5 gxf4 37.e6 Ne5 38.Rxf4 Rxf4 39.Rxe5 Qb4 40.Re3+ Qxc3 41.bxc3 a5 42.
hxg6 hxg6 43.Bf1 c4 44.Re1 a4 45.Rd1 Ra8 0-1

[Event "24th Panam-ch"]
[Site "Natal BRA"]
[Date "2014.10.25"]
[Round "10"]
[White "Magas Varas, Rodrigo"]
[Black "Pinto, Carlos Henrique Lopes"]
[Result "1-0"]
[WhiteElo "2041"]
[BlackElo "2116"]
[EventDate "2014.10.18"]
[PlyCount "57"]

1.e4 e6 2.d4 d5 3.e5 c5 4.c3 Qb6 5.Nf3 Nc6 6.Be2 f6 7.O-O fxe5 8.Nxe5 Nf6 
9.dxc5 Bxc5 10.Nd3 Bd6 11.Be3 Qc7 12.f4 O-O 13.Nd2 e5 14.fxe5 Nxe5 15.Nxe5
Bxe5 16.Nf3 Bd6 17.h3 Bd7 18.Bg5 Rae8 19.Bxf6 Rxf6 20.Nd4 Bf4 21.Kh1 Re3 
22.Bg4 h5 23.Bxd7 Qxd7 24.Qxh5 Rh6 25.Qf5 Qxf5 26.Nxf5 Re2 27.Rxf4 Rb6 28.
b3 Rc6 29.Nd4 1-0

[Event "24th Panam-ch"]
[Site "Natal BRA"]
[Date "2014.10.25"]
[Round "10"]
[White "Pereira Vera, Henry Alberto"]
[Black "Pereira, Silvio Cunha"]
[Result "0-1"]
[WhiteElo "1995"]
[BlackElo "2335"]
[EventDate "2014.10.18"]
[PlyCount "90"]

1.b3 e5 2.Bb2 Nc6 3.c4 Nf6 4.e3 d5 5.cxd5 Nxd5 6.Bb5 Nb4 7.d3 Qd5 8.Na3 
Qxg2 9.Qf3 Nxd3+ 10.Bxd3 Bb4+ 11.Ke2 Bg4 12.h3 Bxf3+ 13.Nxf3 f5 14.Rag1 
Qxh1 15.Rxh1 e4 16.Bb1 exf3+ 17.Kxf3 O-O 18.Nb5 Rf7 19.a3 Bf8 20.b4 a5 21.
Ba2 axb4 22.Nxc7 Rc8 23.Nb5 bxa3 24.Bxf7+ Kxf7 25.Nxa3 Bxa3 26.Bxa3 Ne5+ 
27.Kg3 Rc3 28.Bb2 Rc5 29.Rd1 Rb5 30.Bc3 g6 31.Rd8 h5 32.Rd6 g5 33.f4 h4+ 
34.Kf2 gxf4 35.exf4 Nc6 36.Rh6 Rc5 37.Bh8 b5 38.Ke3 b4 39.Be5 Nxe5 40.fxe5
Rb5 41.Rc6 b3 42.Rc1 b2 43.Rb1 Ke6 44.Kd3 Kxe5 45.Kc4 Rb8 {resto ileg vel}
0-1

[Event "24th Panam-ch"]
[Site "Natal BRA"]
[Date "2014.10.25"]
[Round "10"]
[White "Martins, George Evandro Barreto"]
[Black "Fiora, Emilio"]
[Result "0-1"]
[WhiteElo "2276"]
[BlackElo "2058"]
[EventDate "2014.10.18"]
[PlyCount "62"]

1.f4 d5 2.Nf3 g6 3.e3 Bg7 4.d4 e6 5.Bd3 c5 6.c3 Nc6 7.O-O Nf6 8.Nbd2 O-O 
9.Ne5 Nxe5 10.dxe5 Nd7 11.Nf3 Qc7 12.e4 Nb6 13.Qe1 Bd7 14.exd5 Nxd5 15.Ng5
c4 16.Bc2 h6 17.Ne4 Bc6 18.h4 h5 19.Rf3 Ne7 20.Be3 Nf5 21.Bf2 Rfd8 22.Rh3 
Bxe4 23.Qxe4 Rd2 24.Rb1 Bf8 25.Be1 Rad8 26.Kh2 Qb6 27.Rf3 Bc5 28.Kh3 Bf2 
29.Bxd2 Rxd2 30.Rd1 Qd8 31.Rxf2 Qxh4# 0-1

[Event "24th Panam-ch"]
[Site "Natal BRA"]
[Date "2014.10.25"]
[Round "10"]
[White "Ferreira, Kleber Victor"]
[Black "Alarcon Bahamondes, Roberto"]
[Result "0-1"]
[WhiteElo "2079"]
[BlackElo "2276"]
[EventDate "2014.10.18"]
[PlyCount "72"]

1.f4 d5 2.Nf3 g6 3.e3 Bg7 4.Be2 c5 5.O-O Nc6 6.Nc3 Nh6 7.d3 O-O 8.e4 dxe4 
9.dxe4 Nd4 10.h3 Bd7 11.Ne5 Be8 12.a3 b5 13.Be3 a6 14.Bd3 f6 15.Nf3 Bc6 
16.Bf2 e5 17.fxe5 fxe5 18.Bg3 Nf7 19.Kh2 Qd7 20.b3 Rfe8 21.a4 Rad8 22.axb5
axb5 23.Bh4 Ra8 24.Rxa8 Rxa8 25.Ng5 Nxg5 26.Bxg5 Ne6 27.Be3 Nd4 28.Qe1 Kh8
29.Qd2 Rd8 30.Rd1 Qb7 31.Bg5 Rf8 32.Be3 b4 33.Na4 Bxa4 34.bxa4 Qc6 35.Bg5 
c4 36.Bf1 c3 0-1

[Event "24th Panam-ch"]
[Site "Natal BRA"]
[Date "2014.10.25"]
[Round "10"]
[White "Silveira Filho, Neri da Silva"]
[Black "Albuquerque, Rafael Anderson"]
[Result "1-0"]
[WhiteElo "2200"]
[BlackElo "1981"]
[EventDate "2014.10.18"]
[PlyCount "63"]

1.d4 d5 2.Nc3 Nf6 3.Bg5 Bf5 4.e3 Nbd7 5.Bd3 Bxd3 6.cxd3 h6 7.Bh4 e6 8.Nf3 
c6 9.O-O Bb4 10.a3 Be7 11.b4 Rc8 12.Ne5 Nxe5 13.dxe5 Nd7 14.Bxe7 Qxe7 15.
d4 O-O 16.Qg4 a5 17.bxa5 Ra8 18.f4 Rxa5 19.a4 Qb4 20.Rfc1 Rb8 21.f5 Nxe5 
22.Qg3 Nd7 23.f6 Qf8 24.fxg7 Qd8 25.Rf1 Raa8 26.Rf3 b5 27.Raf1 Qe8 28.Qf4 
f5 29.Qxh6 Qe7 30.axb5 Nf6 31.bxc6 Ng4 32.Nxd5 1-0

[Event "24th Panam-ch"]
[Site "Natal BRA"]
[Date "2014.10.25"]
[Round "10"]
[White "Bortoloso, Moacir Canella"]
[Black "Bastos, Werton Alvarenga"]
[Result "0-1"]
[WhiteElo "2190"]
[BlackElo "2071"]
[EventDate "2014.10.18"]
[PlyCount "88"]

1.e4 c5 2.Nf3 Nc6 3.d4 cxd4 4.Nxd4 g6 5.Nc3 Bg7 6.Be3 Nf6 7.Bc4 O-O 8.O-O 
Na5 9.Be2 d5 10.exd5 Nxd5 11.Nxd5 Qxd5 12.Bf3 Qc4 13.Nb3 Nc6 14.Bd5 Qh4 
15.g3 Qf6 16.Bxc6 Qxc6 17.f3 Bxb2 18.Rb1 Bg7 19.Qe2 Rd8 20.Qf2 Qa4 21.Bc5 
Qxa2 22.Bxe7 Rd5 23.Bc5 b6 24.Be3 Bf5 25.Rbc1 Rc8 26.Nd4 Qc4 27.Nxf5 Rxf5 
28.Rfe1 Rd5 29.Kg2 Bb2 30.Rb1 Bd4 31.Rbc1 Bxe3 32.Qxe3 Rcd8 33.Re2 Qxe2+ 
34.Qxe2 Rd2 35.Kf2 Rxe2+ 36.Kxe2 Kf8 37.Ra1 Rd7 38.Ra3 Ke7 39.Ke3 Kd6 40.
Rc3 Rc7 41.Ra3 a5 42.Rb3 Kc6 43.Kd4 b5 44.c4 Rd7+ 0-1

[Event "24th Panam-ch"]
[Site "Natal BRA"]
[Date "2014.10.25"]
[Round "10"]
[White "Hurtado Bahamonde, Rodrigo"]
[Black "Souza Neves, Andrey"]
[Result "1-0"]
[WhiteElo "2040"]
[BlackElo "2173"]
[EventDate "2014.10.18"]
[PlyCount "35"]

1.e4 c5 2.Nf3 Nc6 3.d4 cxd4 4.Nxd4 Nf6 5.Nc3 d6 6.Bc4 Qb6 7.Ndb5 a6 8.Be3 
Qa5 9.Nd4 e6 10.f3 d5 11.exd5 exd5 12.Nb3 Qb4 13.Bxd5 Nxd5 14.Qxd5 Be6 15.
Qe4 O-O-O 16.O-O Bxb3 17.axb3 Bc5 18.Qf5+ 1-0

[Event "24th Panam-ch"]
[Site "Natal BRA"]
[Date "2014.10.25"]
[Round "10"]
[White "Barata, Adriano Albiani"]
[Black "Jorquera Cabello, Valentina"]
[Result "1-0"]
[WhiteElo "2171"]
[BlackElo "2000"]
[EventDate "2014.10.18"]
[PlyCount "87"]

1.Nf3 Nf6 2.c4 e6 3.g3 Be7 4.Bg2 d5 5.O-O O-O 6.d4 c6 7.b3 b6 8.Bb2 Ba6 9.
Nbd2 Nbd7 10.Qc2 Rc8 11.e4 dxe4 12.Nxe4 Nxe4 13.Qxe4 Nf6 14.Qc2 b5 15.Ne5 
bxc4 16.bxc4 c5 17.Qa4 Qd6 18.dxc5 Rxc5 19.Ba3 Qxe5 20.Bxc5 Bxc5 21.Qxa6 
Ng4 22.Rab1 Qf6 23.Rb3 Nxf2 24.Rf3 Ng4+ 25.Kh1 Qh6 26.h3 Ne3 27.Qc6 Nxf1 
28.Qxc5 Nd2 29.Rf2 Nb1 30.Qb4 Qe3 31.Rf3 Qb6 32.Qe1 Qa6 33.Qxb1 Qxc4 34.
Qb3 Qc1+ 35.Rf1 Qg5 36.Kh2 h6 37.a4 Rd8 38.Rd1 Rc8 39.Rd3 Qe5 40.Qb4 Qb8 
41.Qxb8 Rxb8 42.Rd7 a6 43.Rd6 a5 44.Ra6 1-0

[Event "24th Panam-ch"]
[Site "Natal BRA"]
[Date "2014.10.25"]
[Round "10"]
[White "Cella, Glaucio Dalla Cortt"]
[Black "Cortes Orihuela, Javier"]
[Result "1/2-1/2"]
[WhiteElo "2033"]
[BlackElo "2156"]
[EventDate "2014.10.18"]
[PlyCount "124"]

1.e4 c5 2.Nf3 d6 3.c3 Nf6 4.Be2 Nbd7 5.Qc2 Qc7 6.O-O b6 7.Re1 Bb7 8.Bf1 e6
9.d3 Be7 10.Bf4 e5 11.Bg3 Nh5 12.c4 Nxg3 13.hxg3 O-O 14.g4 Rfc8 15.Nc3 Nf8
16.Be2 Qd7 17.g3 Ne6 18.Kg2 Rf8 19.Rh1 a6 20.Rh2 Rfb8 21.Rah1 Nf8 22.Qd2 
Qd8 23.Nd5 Bxd5 24.exd5 b5 25.Ne1 Bf6 26.b3 Qe7 27.f4 exf4 28.gxf4 Re8 29.
Bf3 Qe3 30.Qxe3 Rxe3 31.Be4 Re2+ 32.Kf3 Rxh2 33.Rxh2 bxc4 34.dxc4 a5 35.
Bc2 Re8 36.Nd3 Bd4 37.Re2 Rxe2 38.Kxe2 Nd7 39.a3 Bc3 40.Nf2 Bf6 41.Bf5 Nb6
42.Ne4 Be7 43.Nc3 g6 44.Bc2 Kf8 45.Kf3 Ke8 46.g5 f6 47.Kg4 Nd7 48.Nb5 fxg5
49.fxg5 Ne5+ 50.Kf4 Kd7 51.Nc3 Nf7 52.Ne4 h6 53.gxh6 g5+ 54.Kf5 Nxh6+ 55.
Kg6 Ng4 56.Nxc5+ dxc5 57.Bf5+ Kd6 58.Bxg4 Kc7 59.Kf7 Kd6 60.Kg6 Bd8 61.Kh5
Bf6 62.Kg6 Bd8 1/2-1/2

[Event "24th Panam-ch"]
[Site "Natal BRA"]
[Date "2014.10.25"]
[Round "10"]
[White "Quaranta Neto, Francisco"]
[Black "Zallio, Luciano de Souza"]
[Result "0-1"]
[WhiteElo "1933"]
[BlackElo "2150"]
[EventDate "2014.10.18"]
[PlyCount "56"]

1.e4 e6 2.d4 d5 3.exd5 exd5 4.Bf4 Nf6 5.Bd3 Bd6 6.Ne2 Nc6 7.c3 h6 8.Nd2 
O-O 9.O-O Bg4 10.f3 Bh5 11.Qc2 Ne7 12.Bg3 Bg6 13.f4 Re8 14.f5 Nxf5 15.Bxf5
Bxf5 16.Rxf5 Rxe2 17.Qd3 Qe7 18.Bh4 g5 19.Raf1 Ng4 20.Rxf7 Qe3+ 21.Qxe3 
Nxe3 22.R7f2 Rxd2 23.Rxd2 Nxf1 24.Kxf1 gxh4 25.Re2 Bxh2 26.Re6 Rf8+ 27.Ke1
Bg3+ 28.Kd1 Rf2 0-1

[Event "24th Panam-ch"]
[Site "Natal BRA"]
[Date "2014.10.25"]
[Round "10"]
[White "Gomes, Carlos Henrique Caldeira"]
[Black "Leitao, Nicolau"]
[Result "1-0"]
[WhiteElo "1888"]
[BlackElo "2138"]
[EventDate "2014.10.18"]
[PlyCount "99"]

1.d4 f5 2.Nf3 Nf6 3.c4 g6 4.Nc3 Bg7 5.g3 O-O 6.Bg2 d6 7.O-O c6 8.b3 Qe8 9.
Bb2 h6 10.Qc2 g5 11.d5 c5 12.Rad1 Qh5 13.Rfe1 Na6 14.a3 Bd7 15.e4 Ng4 16.
e5 Nxe5 17.Nxe5 Bxe5 18.Rxe5 dxe5 19.d6 e6 20.Nb5 Rad8 21.Bxe5 Bc6 22.Re1 
Bxg2 23.Kxg2 f4 24.Qe4 f3+ 25.Kh1 g4 26.h4 gxh3 27.Bc3 Qf5 28.Qxe6+ Qxe6 
29.Rxe6 Nb8 30.Re7 Rf7 31.Re6 Kh7 32.Bd2 a6 33.Rxh6+ Kg7 34.Nc7 Rdd7 35.
Ne8+ Kg8 36.Bc3 Rf5 37.Nf6+ Rxf6 38.Rxf6 Nc6 39.Kh2 Nd4 40.Bxd4 cxd4 41.c5
Rf7 42.Rg6+ Kf8 43.Rg4 Rh7 44.Rxd4 Ke8 45.Rf4 Rh5 46.b4 Rd5 47.Rxf3 a5 48.
Kxh3 axb4 49.axb4 Kd7 50.Rf7+ 1-0

[Event "24th Panam-ch"]
[Site "Natal BRA"]
[Date "2014.10.25"]
[Round "10"]
[White "Santos, Anderson Guerra dos"]
[Black "Besso, Guadalupe"]
[Result "1/2-1/2"]
[WhiteElo "2119"]
[BlackElo "1947"]
[EventDate "2014.10.18"]
[PlyCount "48"]

1.e4 c5 2.Nf3 d6 3.d4 cxd4 4.Nxd4 Nf6 5.Nc3 g6 6.Be3 Bg7 7.f3 O-O 8.Bc4 
Nc6 9.Qd2 Ne5 10.Bb3 Bd7 11.O-O-O Rc8 12.h4 h5 13.Kb1 Nc4 14.Bxc4 Rxc4 15.
Nde2 b5 16.Bh6 b4 17.Bxg7 Kxg7 18.Nd5 Nxd5 19.exd5 Qc7 20.g4 Rc8 21.Nd4 
Rh8 22.Qg5 Qc5 23.Nf5+ Bxf5 24.gxf5 Rxc2 1/2-1/2

[Event "24th Panam-ch"]
[Site "Natal BRA"]
[Date "2014.10.25"]
[Round "10"]
[White "Vasconcelos Junior, Liduino Furtado de"]
[Black "Carneiro, Francisco Caninde Sa"]
[Result "1-0"]
[WhiteElo "2106"]
[BlackElo "1887"]
[EventDate "2014.10.18"]
[PlyCount "55"]

1.e4 e5 2.Nf3 Nc6 3.d4 exd4 4.Nxd4 Nge7 5.Nf3 d6 6.Bg5 h6 7.Bh4 Bg4 8.Be2 
Qd7 9.Nc3 O-O-O 10.Qd2 g5 11.Bg3 Bg7 12.O-O-O Rhe8 13.h4 gxh4 14.Bxh4 Qe6 
15.Kb1 Bxc3 16.Qxc3 Qxe4 17.Bc4 d5 18.Bd3 Qb4 19.Qf6 h5 20.Bg3 Rf8 21.Rh4 
Qb6 22.Re1 Ng8 23.Qf4 f5 24.Ng5 Rde8 25.Rc1 Be2 26.Bxe2 Rxe2 27.Rxh5 Ne5 
28.Rh7 {resto ileg vel} 1-0

[Event "24th Panam-ch"]
[Site "Natal BRA"]
[Date "2014.10.25"]
[Round "10"]
[White "Araujo, Vitor Angelo Lima"]
[Black "Daneri, Martin"]
[Result "0-1"]
[WhiteElo "1840"]
[BlackElo "2099"]
[EventDate "2014.10.18"]
[PlyCount "82"]

1.d4 e6 2.Nf3 f5 3.c4 Nf6 4.Nc3 Bb4 5.Bf4 Bxc3+ 6.bxc3 O-O 7.e3 d6 8.Be2 
Ne4 9.Qc2 Nc6 10.O-O g5 11.Bg3 Qf6 12.Bd3 Nxg3 13.fxg3 e5 14.Nd2 g4 15.d5 
Ne7 16.Rae1 Qf7 17.e4 f4 18.Nb3 b6 19.Qd2 Ng6 20.Rf2 Bd7 21.Ref1 Qe7 22.
Nc1 fxg3 23.Rxf8+ Rxf8 24.Rxf8+ Qxf8 25.hxg3 Kg7 26.Qf2 Qe7 27.Be2 Qg5 28.
Nb3 a6 29.Bd3 h5 30.Nd2 h4 31.gxh4 Nxh4 32.Nf1 Be8 33.Qe3 Qf4 34.Qxf4 exf4
35.Be2 g3 36.Nd2 Ba4 37.Bd3 Bd1 38.Nb3 Bxb3 39.axb3 f3 40.gxf3 Nxf3+ 41.
Kf1 g2+ 0-1

[Event "24th Panam-ch"]
[Site "Natal BRA"]
[Date "2014.10.25"]
[Round "10"]
[White "De Lima, Carlos Alexandre"]
[Black "Vasconcelos, Paulo Cesar da Silva"]
[Result "1/2-1/2"]
[WhiteElo "2094"]
[BlackElo "1844"]
[EventDate "2014.10.18"]
[PlyCount "104"]

1.e4 c5 2.Nf3 Nc6 3.d4 cxd4 4.Nxd4 d6 5.Nc3 Nf6 6.Be2 g6 7.Be3 Bg7 8.Qd2 
O-O 9.O-O-O Nxd4 10.Bxd4 Be6 11.Kb1 Qc7 12.f3 Rfc8 13.g4 Qa5 14.g5 Ne8 15.
h4 b5 16.Nd5 Qxd2 17.Rxd2 Bxd5 18.exd5 Bxd4 19.Rxd4 a6 20.h5 f5 21.gxf6 
Nxf6 22.hxg6 hxg6 23.Bf1 Rc5 24.Bh3 Kg7 25.Be6 Rf8 26.f4 Nh5 27.Rh4 Rc4 
28.Rxc4 bxc4 29.f5 Kh6 30.Kc1 gxf5 31.Kd2 f4 32.Ke2 Kg5 33.Rg4+ Kf6 34.Kf3
Rh8 35.Rh4 Kg7 36.c3 Rh6 37.Bc8 Nf6 38.Rxh6 Kxh6 39.Kxf4 Nxd5+ 40.Ke4 Nc7 
41.Kd4 e5+ 42.Kxc4 Kg5 43.Bh3 Kf4 44.Kb4 e4 45.Ka5 Kg3 46.Bf5 e3 47.Bd3 
Kf2 48.Kb6 Ne6 49.Kc6 Nc5 50.Bc4 Na4 51.Bxa6 Nxb2 52.Kxd6 Na4 1/2-1/2

[Event "24th Panam-ch"]
[Site "Natal BRA"]
[Date "2014.10.25"]
[Round "10"]
[White "Palacio, Igor da Paz"]
[Black "Meneghetti, Alexandre"]
[Result "1-0"]
[WhiteElo "2130"]
[BlackElo "1708"]
[EventDate "2014.10.18"]
[PlyCount "123"]

1.e4 c5 2.Nf3 d6 3.d4 cxd4 4.Nxd4 e5 5.Nb3 a6 6.c4 Nf6 7.Nc3 Be6 8.Be2 Qc7
9.Qd3 Nbd7 10.O-O Be7 11.Nd5 Bxd5 12.cxd5 O-O 13.Be3 Rac8 14.Rac1 Qb8 15.
a4 Rxc1 16.Rxc1 Rc8 17.Rc2 Bd8 18.a5 Rxc2 19.Qxc2 Qc7 20.Qxc7 Bxc7 21.f3 
Kf8 22.Kf2 Ke8 23.Ke1 Kd8 24.Kd2 Kc8 25.Kc3 Kb8 26.Kb4 Ng8 27.Nd2 Ne7 28.
Nc4 Nf6 29.Ka4 Nc8 30.b4 Nd7 31.Na3 Na7 32.g3 Ka8 33.Bf1 Kb8 34.Nb1 Ka8 
35.Nc3 Kb8 36.Bh3 b5+ 37.Kb3 Nf8 38.Bf1 Nd7 39.Bh3 Nf8 40.Bf5 Kb7 41.Bg5 
Nc8 42.h4 Bb8 43.h5 h6 44.Bh4 f6 45.g4 Ne7 46.Ne2 Nxf5 47.exf5 Ba7 48.Nc3 
Nh7 49.Ne4 Kc7 50.Kc3 Kd7 51.Kd3 Bg1 52.Nc3 Ng5 53.Bxg5 fxg5 54.Ne4 Ke7 
55.f6+ gxf6 56.Ng3 e4+ 57.fxe4 Bh2 58.Nf5+ Kf8 59.Nxh6 Kg7 60.Nf5+ Kf7 61.
Nd4 Bg1 62.Nc6 1-0

[Event "24th Panam-ch"]
[Site "Natal BRA"]
[Date "2014.10.25"]
[Round "10"]
[White "Ibar, Marcelo"]
[Black "Ribeiro, Allysson"]
[Result "1-0"]
[WhiteElo "2155"]
[BlackElo "1926"]
[EventDate "2014.10.18"]
[PlyCount "75"]

1.Nf3 c5 2.e4 g6 3.d4 Bg7 4.c4 cxd4 5.Nxd4 Nc6 6.Be3 Nf6 7.Nc3 O-O 8.Be2 
Nxd4 9.Bxd4 d6 10.O-O Be6 11.f3 Nh5 12.Bxg7 Nxg7 13.Qd4 Bd7 14.Rad1 Ne6 
15.Qe3 Qb6 16.Qxb6 axb6 17.a3 Nf4 18.Rfe1 Nxe2+ 19.Rxe2 Be6 20.Nd5 Bxd5 
21.exd5 Rfe8 22.Rd3 Kf8 23.Rb3 Ra6 24.Rb4 Rc8 25.Re3 Rc7 26.Reb3 Ra5 27.
Kf2 Rac5 28.Rc3 e6 29.dxe6 fxe6 30.Rxb6 Ke7 31.b4 Rxc4 32.Rxc4 Rxc4 33.
Rxb7+ Kd8 34.Rxh7 Rc2+ 35.Kg3 e5 36.b5 d5 37.b6 Kc8 38.Rc7+ 1-0

[Event "24th Panam-ch"]
[Site "Natal BRA"]
[Date "2014.10.25"]
[Round "10"]
[White "Moura, Paulo Jorge Alves Bezerra de"]
[Black "Martinez, Ayelen"]
[Result "0-1"]
[WhiteElo "2000"]
[BlackElo "2120"]
[EventDate "2014.10.18"]
[PlyCount "80"]

1.d4 g6 2.c4 Bg7 3.Nc3 d6 4.e4 Nf6 5.g3 O-O 6.Bg2 Nbd7 7.Nge2 c5 8.d5 Ne5 
9.b3 Bg4 10.Rb1 Nf3+ 11.Kf1 Nd4 12.Qd3 Nd7 13.Nxd4 cxd4 14.Ne2 Nc5 15.Qd2 
e5 16.dxe6 fxe6 17.Nxd4 Qf6 18.e5 dxe5 19.h3 Rad8 20.Bb2 Bf5 21.Re1 exd4 
22.g4 Be4 23.Rxe4 Nxe4 24.Bxe4 Rf7 25.Kg2 Bh6 26.Qe2 Rdf8 27.f3 Bf4 28.h4 
Be5 29.Bc1 Bf4 30.Bb2 a6 31.Qd3 Rd8 32.h5 Rg7 33.hxg6 hxg6 34.Rh3 Rdd7 35.
Rh1 Rh7 36.Rxh7 Rxh7 37.Qxd4 Qh4 38.Kf1 Qh3+ 39.Ke2 Qg2+ 40.Kd3 Qd2# 0-1